لمعة الاعتقاد الهادي الى سبيل الرشاد

Bibliographic Details
Main Authors: ابن قدامة، موفق الدين عبد الله بن احمد , 1147-1223 (Author), عثيمين، محمد بن صالح (Author)
Format: Book
Published: Riyad : Maktabat Dar Tabariyah , 1995
Subjects:

MARC

LEADER 00000cam a2200000 7i4500
001 0000006433
005 20160412093000.0
008 021119s1995
090 0 0 |a BP166.2.I279 1995 
100 0 |a ابن قدامة، موفق الدين عبد الله بن احمد ,   |d 1147-1223 ,   |e author 
245 1 0 |a لمعة الاعتقاد الهادي الى سبيل الرشاد   |c للامام موفق الدين ابي محمد عبد الله بن احمد بن محمد بن قدامة المقدسي   |f شرح محمد بن صالح العثيمين   |f حققه، وخرج احاديثه اشرف بن عبد المقصود بن عبد الرحيم 
260 2 |a Riyad :   |b Maktabat Dar Tabariyah ,   |c 1995 
300 |a 191 p. ;   |c 25 cm. 
650 0 |a God (Islam)   |x Attributes   |v Early works to 1800 
700 0 |a عثيمين، محمد بن صالح ,   |e author 
745 0 0 |a Lumat al-itiqad al-hadi ila sabil al-rashad 
999 |a 1000069891   |b Book   |c OPEN SHELF (30 DAYS)   |e Gong Badak Campus 
999 |a 1000081312   |b Book   |c OPEN SHELF (30 DAYS)   |e Gong Badak Campus